• 首页
  • 本馆介绍
  • 公告通知
  • 最新文献
  • 馆藏检索
  • 电子资源
  • 读者导购
  • 参考咨询
  • 我的图书馆
  • 登录
  • 详细信息显示
  • 放入我的书架
  • 预约/预借图书
  • 作者相关作品
  • 分类相关作品
  • 丛书相关作品
  • 出版社相关作品

书目信息

  • 表格格式
  • 工作单格式
  • 卡片格式
题名:
顶级教练教你打篮球
    
 
作者: 马洛兹 著 ;孙欢 译
分册:  
出版信息: 南京   江苏科学技术出版社  2003
页数: 128页
开本: 19cm
丛书名: 运动系列
单 册:
中图分类: G841.19
科图分类:
主题词: 篮球运动--基本知识--基本技巧
电子资源:
ISBN: 7-5345-3786-X
000 00872oam2 2200253 45
001 002330517
005 20050225080153.0
010    @a7-5345-3786-X@dCNY20.00
100    @a20030616d2003 em y0chiy50 ea
101 1  @achi@ceng
102    @aCN@b320000
105    @aa z 000yy
200 1  @a顶级教练教你打篮球@Ading ji jiao lian jiao ni da lan qiu@f(美)文森特·马洛兹著@F(Mei)Wen Sen Te·Ma Luo Zi Zhu@g孙欢译
210    @a南京@c江苏科学技术出版社@d2003
215    @a128页@c图@d19cm
225 2  @a运动系列
330    @a本书介绍了打篮球的技巧。内容包括了如何掌握基本的技巧;怎样防守;怎样进攻;攻守转换;课外训练等。同时附有多幅插图供参考。
410    @12001 @a运动系列
606 0  @a篮球运动@x基本知识@x基本技巧
690    @aG841.19@v4
701  0 @a马洛兹@4著
702  0 @a孙欢@Asun huan@4译
801  0 @aCN@bNLC@c20030912
905    @b342567-571@dG841.19@e188@f5
    
    顶级教练教你打篮球/(美)文森特·马洛兹著/孙欢译.-南京:江苏科学技术出版社,2003
    128页:图;19cm.-(运动系列)
    
    
    ISBN 7-5345-3786-X:CNY20.00
    本书介绍了打篮球的技巧。内容包括了如何掌握基本的技巧;怎样防守;怎样进攻;攻守转换;课外训练等。同时附有多幅插图供参考。
●
相关链接 在E读中查询图书 在五车中查询图书 在当当中查询图书 在豆瓣中查询图书


正题名:顶级教练教你打篮球     索取号:G841.19/188         预约/预借

序号 登录号 条形码 馆藏地/架位号 状态 备注
1 0342567   203425677   第一样本阅览室/ [索取号:G841.19/188] 在馆    
2 0342568   203425686   第四借阅区/ [索取号:G841.19/188] 在馆    
3 0342569   203425695   第四借阅区/ [索取号:G841.19/188] 在馆    
4 0342570   203425702   第四借阅区/ [索取号:G841.19/188] 在馆    
5 0342571   203425711   第四借阅区/ [索取号:G841.19/188] 在馆    
唐山师范学院图书馆 欢迎您!
大连网信软件有限公司© 版权所有